000
00321nam a22001337a 4500
008
181102b xxu||||| |||| 00| 0 eng d
020
_a
0070718695
041
_a
eng
080
_a
371
100
_a
46
101
_a
EDU
245
_a
Managing Instructional Problems: A Case Study Workbook
_c
Worrell, J
942
_2
udc
_c
BK
999
_c
51687
_d
51687